000 00547nam a22002057a 4500
003 OSt
005 20220107122734.0
008 140411b xxu||||| |||| 00| 0 eng d
020 _a9788131791547
040 _cIIITM-K
082 _a658 SMI/M
100 _aSmith, Taggart E
_93939
245 _aMeeting management
_cby Taggart E Smith; Shalini Kalia
260 _aNew Delhi,
_bPearson,
_c2013.
300 _ax, 116p.
650 _aMANAGEMENT
_93940
650 _aPRODUCTION MANAGEMENT
_93941
700 _aKalia, Shalini
_93942
942 _2ddc
_cBK
999 _c3795
_d3795